DIE EPIPHYTISCHE FLECHTENFLORA IN DER UMGEBUNG DER ORTSCHAFT RUDŇANY (NORDOSTSLOWAKEI)

Bibliographic Details
Main Author: Pišút, Ivan, 1935-2017 (Author)
Format: Article
Language:German

MARC

LEADER 00000nab a2200000uu 4500
001 vtls011434122
003 SK-MaSNL
005 20260303145835.0
008 230222|1984 xo |||||||||||||||||ger|
015 |a SNBRB 
035 |a (urnnbn)urn:nbn:sk:snk:ar-001qsw 
035 |a (uuid)4a9ea48d-9df7-4875-909d-30b2b1705e5c 
035 |a urn:nbn:sk:snk-abca1d 
040 |a SNKBUCL  |b slo  |c SNKBUCL  |e AACR2 
041 0 |a ger 
044 |a xo  |c SK 
100 1 |a Pišút, Ivan,  |d 1935-2017  |4 aut  |9 259229 
245 1 0 |a DIE EPIPHYTISCHE FLECHTENFLORA IN DER UMGEBUNG DER ORTSCHAFT RUDŇANY (NORDOSTSLOWAKEI)  |c Ivan Pišút 
773 0 |t Zborník Slovenského národného múzea  |g Roč. 78, č. 30 (1984), s. 27-[37] 
958 |a OND 
958 |a EUIPO 
958 |a article16 
999 |c 2005686  |d 2007616